Précis of procedure. (Record no. 2580)

MARC details
000 -LEADER
fixed length control field 01264nam a2200385 a 4500
001 - CONTROL NUMBER
control field 718637
003 - CONTROL NUMBER IDENTIFIER
control field OSt
005 - DATE AND TIME OF LATEST TRANSACTION
control field 20230626083927.0
008 - FIXED-LENGTH DATA ELEMENTS--GENERAL INFORMATION
fixed length control field 970808s1996 onca b f001 0 eng d
010 ## - LIBRARY OF CONGRESS CONTROL NUMBER
LC control number 97181288
015 ## - NATIONAL BIBLIOGRAPHY NUMBER
National bibliography number C96-980252-8E
020 ## - INTERNATIONAL STANDARD BOOK NUMBER
International Standard Book Number 0660600285
035 ## - SYSTEM CONTROL NUMBER
System control number (OCoLC)36192170
040 ## - CATALOGING SOURCE
Original cataloging agency CaOOP
Language of cataloging eng
Transcribing agency NLC
Modifying agency CUY
-- DLC
041 0# - LANGUAGE CODE
Language code of text/sound track or separate title engfre
042 ## - AUTHENTICATION CODE
Authentication code lccopycat
043 ## - GEOGRAPHIC AREA CODE
Geographic area code n-cn---
050 00 - LIBRARY OF CONGRESS CALL NUMBER
Classification number KE4658
Item number .C36 1996
055 01 - CLASSIFICATION NUMBERS ASSIGNED IN CANADA
Classification number JL164
082 00 - DEWEY DECIMAL CLASSIFICATION NUMBER
Classification number 328.71/05
Edition number 21
Item number CPHC
086 1# - GOVERNMENT DOCUMENT CLASSIFICATION NUMBER
Classification number DSS Cat. no. X9-2/5-1996
110 1# - MAIN ENTRY--CORPORATE NAME
Corporate name or jurisdiction name as entry element Canada.
Subordinate unit Parliament.
-- House of Commons.
245 10 - TITLE STATEMENT
Title Précis of procedure.
246 15 - VARYING FORM OF TITLE
Title proper/short title Précis de procédure
250 ## - EDITION STATEMENT
Edition statement 5th ed.
260 ## - PUBLICATION, DISTRIBUTION, ETC. (IMPRINT)
Place of publication, distribution, etc. [Ottawa]:
Name of publisher, distributor, etc. House of Commons, Canada, Table Research Branch,
Date of publication, distribution, etc. 1996.
300 ## - PHYSICAL DESCRIPTION
Extent 147, 4, 4, 149 p. :
Other physical details ill. ;
Dimensions 28 cm.
504 ## - BIBLIOGRAPHY, ETC. NOTE
Bibliography, etc Includes bibliographical references (p. 127-130 (1st group)) and index.
546 ## - LANGUAGE NOTE
Language note English and French.
610 10 - SUBJECT ADDED ENTRY--CORPORATE NAME
Corporate name or jurisdiction name as entry element Canada.
Subordinate unit Parliament.
-- House of Commons
General subdivision Rules and practice
-- Handbooks, manuals, etc.
650 #0 - SUBJECT ADDED ENTRY--TOPICAL TERM
Topical term or geographic name as entry element Parliamentary practice
Geographic subdivision Canada.
906 ## - LOCAL DATA ELEMENT F, LDF (RLIN)
a 7
b cbc
c copycat
d 2
e ncip
f 19
g y-gencatlg
942 ## - ADDED ENTRY ELEMENTS (KOHA)
Source of classification or shelving scheme Dewey Decimal Classification
Koha item type Books
Holdings
Withdrawn status Lost status Source of classification or shelving scheme Damaged status Not for loan Home library Current library Date acquired Total Checkouts Full call number Barcode Date last seen Price effective from Koha item type
    Dewey Decimal Classification     County Hall Archives County Hall Archives 06/26/2023   328.71/05 CPHC 10011367 06/26/2023 06/26/2023 Books
LIBRARY OPENING HOURS

When the Parliament is sitting: 8.00a.m - 7.00p.m or until the house adjourns
Mondays and Fridays and when the House is on Recess:  8.00a.m - 5.00p.m
Closed on Weekends and Public Holidays

Online Public Access Catalog (OPAC)
Website: http://www.parliament.go.ke
Bunge Library: https://libraryir.parliament.go.ke
Contact: library@parliament.go.ke | Tel no: (254-2)2221291 or 2848000 Ext 5043